Detroit Pistons 2017-18 Most Games Leading Team in Scoring - Statistics

General Stats
  • This quiz has been taken 53 times
  • The average score is 5 of 12
Answer Stats
Player Games % Correct
Andre Drummond 14
93%
Blake Griffin 14
89%
Reggie Jackson 11
83%
Tobias Harris 25
61%
Stanley Johnson 2
46%
Ish Smith 3
43%
Luke Kennard 3
43%
Avery Bradley 6
30%
Reggie Bullock 5
20%
Langston Galloway 1
13%
James Ennis 1
9%
Anthony Tolliver 5
7%
No matching quizzes found
Score Distribution
Percent of People with Each Score
Percentile by Number Answered
Your Score History
You have not taken this quiz